[Event "RSA-ch U14"]
[Site "Gauteng"]
[Date "2017.04.07"]
[Round "4"]
[White "Boshoff, Chris"]
[Black "Dhevcharran, Kahill"]
[Result "0-1"]
[WhiteElo "1082"]
[BlackElo "1324"]
[PlyCount "46"]
[EventDate "2017.04.05"]
[EventType "swiss"]
[EventRounds "11"]
[EventCountry "RSA"]
[SourceTitle "CBM 177 Extra"]
[Source "ChessBase"]
[SourceDate "2017.04.27"]
[SourceVersion "1"]
[SourceVersionDate "2017.04.27"]
[SourceQuality "1"]

1. e4 e5 2. Nf3 Nc6 3. Bc4 Bc5 4. c3 Nf6 5. d4 exd4 6. cxd4 Bb4+ 7. Bd2 Bxd2+ 8. Nbxd2 d5 9. exd5 Nxd5 10. 0-0 0-0 11. Re1 Bg4 12. Rc1 Nb6 13. Nb3 Qf6 14. Be2 Rad8 15. Nfd2 Bxe2 16. Rxe2 Nxd4 17. Nxd4 Qxd4 18. Rxc7 Nc4 19. Rxc4 Qxc4 20. b3 Qd4 21. Qc1 Rc8 22. Nc4 Rfd8 23. Re1 b5 0-1